000
00298nam a22001337a 4500
008
180125b xxu||||| |||| 00| 0 eng d
020
_a
9780976181507
041
_a
eng
080
_a
32
100
_a
21
101
_a
pol
245
_a
the faces of public health
_c
adams.m
942
_2
udc
_c
BK
999
_c
40903
_d
40903